| 000 | 01990nam a22003377a 4500 | ||
|---|---|---|---|
| 003 | OSt | ||
| 005 | 20260416154626.0 | ||
| 008 | 260409t2023 xxu||||| |||| 00| 0 eng d | ||
| 020 | _a9789811987182 | ||
| 020 | _a9789811987175 | ||
| 040 |
_aUnicoc _bspa _c00001 _d00001 |
||
| 082 | _a617.695 | ||
| 100 |
_912889 _aThomas, Sabu |
||
| 245 |
_aNanomaterials in dental medicine _c/ Sabu Thomas, R. M. Baiju |
||
| 250 | _a1 Ed. | ||
| 260 |
_aSingapore : _bSpringer . _c2023 |
||
| 300 |
_a264 páginas _bIlustraciones, diagramas, tablas, gráficas |
||
| 440 |
_912891 _aMaterials Horizons: From Nature to Nanomaterials |
||
| 500 | _aIncluye referencias bibliográficas | ||
| 505 |
_t1. Nanotechnology and medicine: the interphase. -- _t2. Nanotechnology in oral and dental diagnosis. -- _t3. Nanotechnology for oral disease prevention. -- _t4. Nanocomposites and other restorative materials. -- _t5. Sustained drug delivery the nano advantage. -- _t6. Nanotechnology for Pain free dentistry. -- _t7. Nanorobotics in dentistry. -- _t8. Nanotechnology in regenerative dental medicine. -- _t9. Nanotechnology in dental implantology. -- _t10. Applications of nanoscience and nanotechnology in oral. -- _t11. Nano structured materials in dental medicine from laboratory to industry: new opportunities, challenges and risks. -- _t12. Bioceramic dental inserts based on calcium phosphate nano-particles. -- _t13. Potential hazards of nanostructured dental materials. |
||
| 526 | _5Unicoc | ||
| 546 | _aInglés | ||
| 650 | 0 |
_912892 _aNanotecnología |
|
| 650 | 0 |
_961 _aBiomateriales _xOdontología |
|
| 650 | 0 |
_960 _aMateriales dentales |
|
| 658 | 0 |
_98315 _aPrograma de Odontología |
|
| 658 | 0 |
_98073 _aEspecialización en Prostodoncia |
|
| 700 |
_912890 _aBaiju, R. M. |
||
| 856 |
_yAcceso online exclusivo para comunidad Unicoc. _uhttps://unicoceduco-my.sharepoint.com/:b:/g/personal/direccionbiblioteca_unicoc_edu_co/IQB4neKLeviHSaNI3sVYPyTjAfwQTEG4l6ULHpx7zS1j9ms |
||
| 942 |
_2ddc _cEBOOK |
||
| 999 |
_c10827 _d10827 |
||